| 000 | 00593nam a2200169 4500 | ||
|---|---|---|---|
| 001 | 137497 | ||
| 003 | ES-MaACL | ||
| 005 | 20230906195402.0 | ||
| 007 | t| | ||
| 008 | 070214s1984 sp r ||||1| spa d | ||
| 100 | 1 |
_aSánchez Buades, Manuel. _9102509 |
|
| 245 | 1 | 0 |
_aHistoria de la banda de música `La Paz` de San Juan de Alicante _b: (un centenario fecundo) / _cManuel Sánchez Buades. |
| 260 |
_aAlicante : _bCaja de Ahorros Provincial, _c1984. |
||
| 300 |
_a160 p. : _bil. ; _c22 cm. |
||
| 710 | 2 |
_aCaja de Ahorros Provincial de Alicante. _92280 |
|
| 852 |
_aES-MaACL _jL-6301 _bR.107088 |
||
| 999 |
_c137497 _d137497 |
||